| 000 | 00439nam a2200181Ia 4500 | ||
|---|---|---|---|
| 001 | 11283 | ||
| 005 | 20260306162816.0 | ||
| 008 | 260306t1944||||xx |||||||||||||| ||spa|| | ||
| 041 | _aESP | ||
| 082 |
_a985.02 _bR81 |
||
| 100 |
_aRomero, Carlos Alberto _eAUT |
||
| 245 | 0 | _aLos héroes de la Isla del Gallo | |
| 260 | _c1944 | ||
| 300 |
_axxix, 123 páginas : _c18 cm. |
||
| 650 | _aGEN | ||
| 654 | _aCHU | ||
| 942 |
_cLIB _dJUS _fJUS _2ddc _n |
||
| 999 |
_c11283 _d11283 |
||